Honey Hive/ (Record no. 211995)
[ view plain ]
| 000 -LEADER | |
|---|---|
| fixed length control field | 00699nam a22001937a 4500 |
| 005 - DATE AND TIME OF LATEST TRANSACTION | |
| control field | 20250627154456.0 |
| 010 ## - LCCN (DPL NO) | |
| LC control number | ENG-145613 |
| 020 ## - INTERNATIONAL STANDARD BOOK NUMBER | |
| International Standard Book Number | 9789389080827 |
| Terms of availability | 120.00 |
| 035 ## - SYSTEM CONTROL NUMBER | |
| System control number | EN-129145 |
| 037 ## - SOURCE OF ACQUISITION | |
| Source of stock number/acquisition | DBAD |
| 082 ## - DEWEY DECIMAL CLASSIFICATION NUMBER | |
| Classification number | 881 |
| Edition number | 1 |
| 100 ## - MAIN ENTRY--PERSONAL NAME | |
| Personal name | Muththamizh Virumbi |
| 245 ## - TITLE STATEMENT | |
| Title | Honey Hive/ |
| Statement of responsibility, etc | Muththamizh Virumbi [and] Translated By C. Rajeswar |
| 260 ## - PUBLICATION, DISTRIBUTION, ETC. (IMPRINT) | |
| Place of publication, distribution, etc | Chennai |
| Name of publisher, distributor, etc | Emerald Publishers |
| 270 ## - ADDRESS | |
| Address | Olivannam Gopalkrishnan, Emerald Publishers, 15A, First Floor, Casa Major road, Egmore, |
| City | Chennai |
| Postal code | 600008 |
| Electronic mail address | info@emeraldpublishers.com |
| Telephone number | 91 44 28193206, 42146994 |
| 300 ## - PHYSICAL DESCRIPTION | |
| Extent | 103p. |
| Dimensions | 19cm(pb) |
| 700 ## - ADDED ENTRY--PERSONAL NAME | |
| 9 (RLIN) | 70456 |
| Personal name | C. Rajeswar |
| Relator term | Translator |
| 942 ## - ADDED ENTRY ELEMENTS (KOHA) | |
| Source of classification or shelving scheme | Dewey Decimal Classification |
| Item type | English Books |
| Classification part | 881 |
| Call number suffix | VIR |
| Withdrawn status | Lost status | Not for loan | Collection code | Home library | Current library | Date acquired | Source of acquisition | Cost, normal purchase price | Full call number | Barcode | Copy number | Cost, replacement price | Koha item type |
|---|---|---|---|---|---|---|---|---|---|---|---|---|---|
| Non-fiction | Sarojini Nagar | Sarojini Nagar | 27/06/2025 | Delivery of Books Act Division | 120.00 | 881 VIR | EN-129145 | 1 | 881.00 | English Books |
